<?xml version="1.0" encoding="UTF-8"?><?xml-stylesheet type="text/xsl" href="static/style.xsl"?><OAI-PMH xmlns="http://www.openarchives.org/OAI/2.0/" xmlns:xsi="http://www.w3.org/2001/XMLSchema-instance" xsi:schemaLocation="http://www.openarchives.org/OAI/2.0/ http://www.openarchives.org/OAI/2.0/OAI-PMH.xsd"><responseDate>2026-06-01T02:19:57Z</responseDate><request verb="GetRecord" identifier="oai:riuma.uma.es:10630/36354" metadataPrefix="marc">https://riuma.uma.es/rest/oai/request</request><GetRecord><record><header><identifier>oai:riuma.uma.es:10630/36354</identifier><datestamp>2026-02-03T11:45:51Z</datestamp><setSpec>com_10630_2254</setSpec><setSpec>col_10630_37956</setSpec></header><metadata><record xmlns="http://www.loc.gov/MARC21/slim" xmlns:dcterms="http://purl.org/dc/terms/" xmlns:doc="http://www.lyncode.com/xoai" xmlns:xsi="http://www.w3.org/2001/XMLSchema-instance" xsi:schemaLocation="http://www.loc.gov/MARC21/slim http://www.loc.gov/standards/marcxml/schema/MARC21slim.xsd">
   <leader>00925njm 22002777a 4500</leader>
   <datafield ind2=" " ind1=" " tag="042">
      <subfield code="a">dc</subfield>
   </datafield>
   <datafield ind2=" " ind1=" " tag="720">
      <subfield code="a">Fernández-Martín, Eugenia</subfield>
      <subfield code="e">author</subfield>
   </datafield>
   <datafield ind2=" " ind1=" " tag="260">
      <subfield code="c">2014</subfield>
   </datafield>
   <datafield ind2=" " ind1=" " tag="520">
      <subfield code="a">La mayoría de los alumnos que eligen la carrera de magisterio, suelen pertenecer al ámbito de&#xd;
letras, aspecto muy relevante en cuanto alas inclinaciones y preferencias por la matemática de&#xd;
estos futuros profesionales en la mayoría de los casos. El conocimiento didáctico-matemático&#xd;
impartido en las aulas universitarias y el conocimiento práctico que se descubre con la experiencia&#xd;
real, tienen una enorme importancia en la formación del profesional de la educación. Es por ello,&#xd;
por lo que este estudio pretende comprender como los protagonistas del mismo (estudiantes de&#xd;
magisterio de primaria en prácticas) perciben la conexión entre los conocimientos didáctico&#xd;
matemáticos aprendidos en la Facultad y las experiencias reales en sus prácticas en un periodo de&#xd;
cinco años (en el año 2009: y en la actualidad: año 2014)</subfield>
   </datafield>
   <datafield ind1="8" ind2=" " tag="024">
      <subfield code="a">Fernánde-Martín, E. (2014). LA MATEMÁTICA EN LA FORMACIÓN UNIVERSITARIA DE MAGISTERIO Y SUAPLICACIÓN EN LA PRÁCTICA REAL EN LAS AULAS DE DE PRIMARIA: UN ESTUDIO DE CASO. En González, J. L., Fenández-Plaza, J. A., Castro-Rodriguez, E., Sánchez-Compaña, M. T., Femández, C., Lupiäñez, J. L., y Puig, L. (Eds.) (2014). Investigaciones en Pensamiento Numérico y Algebraico e Historia de las Matemáticas y Educación Matemática. SEIEM.</subfield>
   </datafield>
   <datafield ind1="8" ind2=" " tag="024">
      <subfield code="a">978-84-617-1329-5</subfield>
   </datafield>
   <datafield ind1="8" ind2=" " tag="024">
      <subfield code="a">https://hdl.handle.net/10630/36354</subfield>
   </datafield>
   <datafield tag="653" ind2=" " ind1=" ">
      <subfield code="a">Matemáticas - Estudio y enseñanza superior</subfield>
   </datafield>
   <datafield tag="653" ind2=" " ind1=" ">
      <subfield code="a">Didáctica</subfield>
   </datafield>
   <datafield ind2="0" ind1="0" tag="245">
      <subfield code="a">La matemática en la formación universitaria de magisterio y su aplicación en la práctica real en las aulas de primaria: un estudio de caso</subfield>
   </datafield>
</record>
</metadata></record></GetRecord></OAI-PMH>